| 000 | 01184nam a22002894a 4500 | ||
|---|---|---|---|
| 005 | 20090716110134.0 | ||
| 008 | 071121s2008 ii a b 001 0 eng | ||
| 010 | _aENG-94427 | ||
| 020 |
_a9788189920661 _c895.00 |
||
| 035 | _aEN-77960 | ||
| 037 | _bDBAD / VEN | ||
| 040 |
_adpl _bEnglish |
||
| 082 | _a181.41 | ||
| 100 | _aLondhe, Sushama | ||
| 245 |
_aA tribute to Hinduism : _bthoughts and wisdom spanning continents and time about India and her culture / _cby Sushama Londhe |
||
| 260 |
_aNew Delhi _bPragun Publication _c2008 |
||
| 270 |
_a4221/1, Ansari Road, Daryaganj, _bNew Delhi _e110002 |
||
| 300 |
_axxxviii, 549p. _bcol. ill. ; _c23cm(Hb) |
||
| 500 | _aIncludes references and index. | ||
| 650 | _aHinduism and culture. | ||
| 650 | _aPhilosophy, Indic. | ||
| 651 |
_aIndia _xCivilization. |
||
| 942 |
_2ddc _cEN _mLON _h181.41 |
||
| 999 |
_c28303 _d28303 |
||